[Event "Match"]
[Site "www.echecsemail.com"]
[Date "2016.10.09"]
[Round "1"]
[White "Yakke"]
[Black "Ikke"]
[WhiteElo "1690"]
[BlackElo "1059"]
[Result "1-0"]
[Round "1"]
1.e4 g6
2.d4 e6
3.e5 Bf8b4
4.c3 Bb4e7
5.Ng1f3 f5
6.Bc1f4 h6
7.Qd1d2 b6
8.Nf3h4 Be7xh4
9.g3 Bh4e7
10.Bf1g2 g5
11.Bf4e3 Nb8c6
12.d5 Nc6xe5
13.d6 cxd6
14.Bg2xa8 Ne5f3
15.Kd1 Nf3xd2
16.Nb1xd2 d5
17.Be3d4 Bc8a6
18.Bd4xh8 g4
19.a4 Be7d6
20.a5 Qd8xa8
21.b4 e5
22.Nd2b1 Ba6c4
23.axb6 Bd6b8
24.Rh1e1 Qa8b7
25.Bh8xe5 Kf7
26.bxa7 Bb8xa7
27.Be5d6 Bc4b3
28.Kd2 Ba7xf2
29.Re1e5 Kg6
30.Nb1a3 Qb7b6
31.Bd6f8 h5
32.Ra1f1 Qb6d6
33.Bf8xd6 Bf2b6
34.Rf1xf5 Bb6d8
35.Na3b5 Ng8h6
36.Rf5xh5 Bd8f6
37.Nb5d4 Bf6xe5
38.Rh5xe5 Nh6f7
39.Re5e7 Nf7d8
40.Re7xd7 Bb3c4
41.b5 Nd8f7
42.Bd6b4 Kf6
43.b6 Kg5
44.Nd4e6 Kg6
45.Ne6f4 Kf6
46.b7 Bc4b5
47.Rd7xd5 Bb5c6
48.b8Q Kg7
49.Bb4f8 Kf6
50.Nf4h5 Ke6
51.Nh5g7 Kf6
52.Qb8f4 Kg6
53.Qf4xg4 Kh7
54.Rd5h5 Nf7h6
55.Qg4f5 Kg8
56.Qf5e6 Kxf8
57.Qe6f6 Kg8
58.Qf6xh6 Kf7
59.Rh5f5 Ke7
60.Qh6e6 Kd8
61.Qe6d6 Bc6d7
62.Rf5f8 
1-0

[Event "Match"]
[Site "www.echecsemail.com"]
[Date "2016.10.09"]
[Round "1"]
[White "Witpar"]
[Black "4m6az"]
[WhiteElo "2660"]
[BlackElo "2040"]
[Result "1-0"]
[Round "1"]
1.d4 Ng8f6
2.c4 c6
3.Ng1f3 d6
4.Nb1c3 Bc8f5
5.Nf3h4 Bf5d7
6.e4 h6
7.e5 dxe5
8.dxe5 Nf6g4
9.Qd1e2 g5
10.Nh4f3 f6
11.h3  { time }
1-0

[Event "Match"]
[Site "www.echecsemail.com"]
[Date "2016.10.09"]
[Round "1"]
[White "4m6az"]
[Black "Godrad"]
[WhiteElo "1840"]
[BlackElo "1889"]
[Result "0-1"]
[Round "1"]
1.Ng1f3 Ng8f6
2.c4 g6
3.d4 Bf8g7
4.Bc1f4 O-O
5.Nb1c3 d5
6.Nc3b5 dxc4
7.Nb5xc7 Nf6h5
8.Nc7xa8 Nh5xf4
9.e3 Nf4d3
 { time }
0-1

[Event "Match"]
[Site "www.echecsemail.com"]
[Date "2016.10.09"]
[Round "1"]
[White "Genius5"]
[Black "Caspito"]
[WhiteElo "1620"]
[BlackElo "1840"]
[Result "0-1"]
[Round "1"]
1.e4 e5
2.Bf1c4 Ng8h6
3.Ng1f3 Nb8c6
4.d3 Nh6g4
5.O-O Bf8c5
6.Nb1c3 Qd8f6
7.h3 Ng4xf2
8.Rf1xf2 Bc5xf2
9.Kxf2 Nc6d4
10.Bc1e3 Nd4xf3
11.Qd1xf3 Qf6xf3
12.gxf3 Rh8f8
13.Ke2 c6
14.Ra1g1 { time. }
0-1

[Event "Match"]
[Site "www.echecsemail.com"]
[Date "2016.10.09"]
[Round "1"]
[White "Genius5"]
[Black "Chapi"]
[WhiteElo "1620"]
[BlackElo "2090"]
[Result "0-1"]
[Round "1"]
1.Ng1f3 c5
2.c4 Nb8c6
3.d4 cxd4
4.Nf3xd4 g6
5.e4 Bf8g7
6.Bc1e3 Ng8f6
7.Nb1c3 O-O
8.Bf1e2 d6
9.O-O Nc6e5
10.h3 a6
11.b3 Nf6d7
12.f4 Ne5c6
13.Nd4xc6 bxc6
14.Qd1d2 { time. }
0-1

[Event "Match"]
[Site "www.echecsemail.com"]
[Date "2016.10.09"]
[Round "1"]
[White "Pwain"]
[Black "Genius5"]
[WhiteElo "2360"]
[BlackElo "1620"]
[Result "1-0"]
[Round "1"]
1.e4 c5
2.Ng1f3 Nb8c6
3.Bf1b5 g6
4.O-O Bf8g7
5.Nb1c3 d6
6.e5 dxe5
7.Bb5xc6 bxc6
8.d3 e6
9.Bc1e3 Qd8e7
10.Nc3e4 { resign }
1-0

[Event "Match"]
[Site "www.echecsemail.com"]
[Date "2016.10.09"]
[Round "1"]
[White "Genius5"]
[Black "Pariolinius"]
[WhiteElo "1620"]
[BlackElo "1810"]
[Result "0-1"]
[Round "1"]
1.d4 Ng8f6
2.Bc1g5 d5
3.e3 Nb8c6
4.Ng1f3 Bc8g4
5.Bf1b5 a6
6.Bb5xc6 bxc6
7.h3 Bg4h5
8.Nb1d2 e6
9.O-O Bf8e7
10.c4 O-O
11.Qd1a4 Qd8d7
12.Bg5xf6 { time. }
0-1

[Event "Match"]
[Site "www.echecsemail.com"]
[Date "2016.10.09"]
[Round "1"]
[White "Cal"]
[Black "Genius5"]
[WhiteElo "1680"]
[BlackElo "1620"]
[Result "1-0"]
[Round "1"]
1.Nb1c3 c5
2.e4 Nb8c6
3.Ng1f3 d6
4.h3 g6
5.Bf1b5 Bf8g7
6.O-O Bc8d7
7.d3 a6
8.Bb5a4 Ng8f6
9.a3 b5
10.Ba4b3 O-O
11.Bc1g5 h6
12.Bg5xf6 Bg7xf6
{ time. }
1-0

[Event "Match"]
[Site "www.echecsemail.com"]
[Date "2016.10.09"]
[Round "1"]
[White "Genius3"]
[Black "Llord"]
[WhiteElo "1650"]
[BlackElo "1860"]
[Result "0-1"]
[Round "1"]
1.e4 e5
2.Ng1f3 Nb8c6
3.Bf1b5 Bf8d6
4.d4 exd4
5.Nf3xd4 Nc6xd4
6.Bb5c4 Ng8f6
7.Qd1xd4 O-O
8.O-O { time. }
0-1

[Event "1/16 Finale"]
[Site "www.chess-mail.com"]
[Date "2016.10.09"]
[Round "1"]
[White "Egdiogel"]
[Black "Szustan"]
[WhiteElo "2230"]
[BlackElo "2590"]
[Result "0-1"]
[Round "1"]
1.e4 e5
2.Ng1f3 Nb8c6
3.Bf1b5 a6
4.Bb5a4 Ng8f6
5.O-O Nf6xe4
6.d4 b5
7.Ba4b3 d5
8.dxe5 Bc8e6
9.Bc1e3 Bf8e7
10.c3 O-O
11.h3 Qd8d7
12.Nb1d2 Ra8d8
13.Qd1e2 Ne4xd2
14.Qe2xd2 Nc6a5
15.Be3g5 Be7xg5
16.Nf3xg5 Be6f5
17.f4 Na5c4
18.Qd2f2 h6
19.Ng5f3 Bf5e4
20.Nf3d2 Nc4xd2
21.Qf2xd2 c5
22.Bb3c2 Be4xc2
23.Qd2xc2 f6
24.Ra1e1 fxe5
25.fxe5 Rf8xf1
26.Re1xf1 d4
27.Kh1 d3
28.Qc2d2 c4
29.Rf1f4 Rd8e8
30.Rf4e4 Qd7f5
31.Qd2e3 d2
32.Re4d4 Re8xe5
{ resign }
0-1

[Event "1/128 Finale"]
[Site "www.chess-mail.com"]
[Date "2016.10.09"]
[Round "1"]
[White "4m6az"]
[Black "Julian"]
[WhiteElo "1809"]
[BlackElo "2020"]
[Result "0-1"]
[Round "1"]
1.e3 d5
2.d4 c5
3.Nb1c3 Nb8c6
4.dxc5 e6
5.Bf1d3 Ng8f6
6.Bd3b5 Bf8xc5
7.a3 O-O
8.b4 Bc5b6
9.f4 a6
10.Bb5d3 e5
11.fxe5 Nc6xe5
12.Bd3e2 Rf8e8
13.Bc1d2 Bc8e6
14.a4 d4
15.exd4 Bb6xd4
16.Ng1f3 Ne5xf3
17.gxf3 Ra8c8
18.Ra1a3 Be6c4
19.Nc3e4 Nf6xe4
20.fxe4 Re8xe4
21.Bd2e3 Qd8h4
22.Kf1 Bd4xe3
 { time }
0-1

[Event "1/128 Finale"]
[Site "www.chess-mail.com"]
[Date "2016.10.09"]
[Round "1"]
[White "Sundar"]
[Black "Attatroll"]
[WhiteElo "2180"]
[BlackElo "1850"]
[Result "1-0"]
[Round "1"]
1.d4 e5
2.e3 exd4
3.exd4 Ng8f6
4.c4 Bf8b4
5.Bc1d2 Qd8e7
6.Bf1e2 O-O
7.Bd2xb4 Qe7xb4
8.Qd1d2 Nb8c6
9.d5 Qb4xd2
10.Nb1xd2 Nc6d4
11.Be2d1 d6
12.f3 Bc8f5
13.Ra1c1 Rf8e8
14.Kf2 Bf5d3
15.Nd2b3 Nd4xb3
16.axb3 Nf6d7
17.Ng1e2 Nd7c5
18.Ne2f4 Bd3f5
19.b4 Nc5d3
20.Nf4xd3 Bf5xd3
21.Rc1c3 Bd3g6
22.Bd1c2 Bg6xc2
23.Rc3xc2 Re8e7
24.Rh1a1 a6
25.b5 a5
26.b4 b6
27.bxa5 bxa5
28.Rc2a2 g6
29.Ra2xa5 Ra8xa5
30.Ra1xa5 Re7e8
31.Ra5a7 Re8c8
32.Ke3 h6
33.Kd4 Kf8
34.Kc3 Ke8
35.Kb4 Kd8
36.Ka5 Rc8b8
37.g3 f5
38.h3 h5
39.h4 Kc8
40.Ra7a6 Kd7
41.b6 cxb6
42.Ra6xb6 Rb8a8
43.Kb4 Kc7
44.Rb6c6 Kd7
45.c5 dxc5
46.Kxc5 Ra8a3
47.Rc6xg6 Ra3xf3
48.Rg6g7 Kc8
49.d6 Rf3c3
50.Kd5 Kd8
51.Ke6 Rc3e3
52.Kxf5 Re3f3
53.Ke5 Rf3e3
54.Kd4 Re3a3
55.Rg7g5 Kd7
56.Ke5 Ra3a5
57.Kf6 Ra5a3
58.Kg6 Kxd6
59.Kxh5 Ke7
60.Kg6 Ra3a6
61.Kg7 Ra6f6
62.Rg5e5 { resign }
1-0

[Event "Fast Game"]
[Site "www.echecsemail.com"]
[Date "2016.10.09"]
[Round "1"]
[White "Hennie4820"]
[Black "Attatroll"]
[WhiteElo "1700"]
[BlackElo "1880"]
[Result "0-1"]
[Round "1"]
1.e4 d6
2.d4 Ng8f6
3.Bf1d3 g6
4.c4 Bf8g7
5.Nb1c3 O-O
6.f3 c6
7.Bc1e3 e5
8.d5 c5
9.Ng1e2 a6
10.Qd1d2 Nb8d7
11.Be3h6 Rf8e8
12.Bh6xg7 Kxg7
13.g4 h5
14.h4 hxg4
15.fxg4 Nf6xg4
16.h5 Nd7f6
17.hxg6 fxg6
18.Ne2g3 Re8h8
19.O-O-O Bc8d7
20.Rh1xh8 Qd8xh8
21.Rd1h1 Qh8f8
22.Qd2g5 b5
23.Bd3e2 Qf8f7
24.Be2xg4 Nf6xg4
25.cxb5 axb5
26.a3 Qf7f4
27.Qg5xf4 exf4
28.Ng3e2 g5
29.Kd2 Ra8h8
30.Rh1xh8 Kxh8
31.Ke1 Kg7
32.Kf1 Ng4e5
33.b3 Kg6
34.Kf2 f3
35.Ne2g3 g4
36.Ke3 Kg5
37.Kf2 Ne5d3
38.Ke3 Nd3c1
39.b4 Nc1b3
40.bxc5 Nb3xc5
41.Nc3a2 Nc5a4
42.Na2b4 Na4b2
43.Kf2 Kf4
44.Nb4c6 Nb2d3
{ resign }
0-1

[Event "Fast Game"]
[Site "www.echecsemail.com"]
[Date "2016.10.09"]
[Round "1"]
[White "Sportuga"]
[Black "Fvdp"]
[WhiteElo "1939"]
[BlackElo "1949"]
[Result "0-1"]
[Round "1"]
1.e4 c5
2.Ng1f3 d6
3.d4 cxd4
4.Nf3xd4 Ng8f6
5.Nb1c3 g6
6.Bc1e3 Bf8g7
7.f3 Nb8c6
8.Qd1d2 O-O
9.O-O-O d5
10.Kb1 Nc6xd4
11.e5 Nd4f5
12.exf6 exf6
13.Be3c5 d4
14.Bc5xf8 Qd8xf8
15.Nc3e4 Nf5e3
16.Rd1e1 f5
17.Ne4f2 Bc8e6
18.Nf2d1 f4
19.g3 Qf8c5
20.gxf4 Qc5d5
21.b3 Qd5xf3
22.Bf1d3 Qf3xf4
23.Qd2b4 a5
24.Qb4a4 Be6d5
25.Rh1g1 Bd5c6
26.Bd3b5 Qf4xh2
27.Nd1xe3 dxe3
28.Bb5xc6 Qh2e5
29.c3 Qe5xc3
30.Qa4a3 Qc3xc6
{ resign }
0-1

[Event "Tourn. n8957"]
[Site "www.chess-mail.com"]
[Date "2016.10.10"]
[Round "1"]
[White "Fabos12"]
[Black "Odin"]
[WhiteElo "2100"]
[BlackElo "1910"]
[Result "1-0"]
[Round "1"]
1.d4 d5
2.Ng1f3 Nb8c6
3.Bc1f4 Bc8f5
4.a3 Ng8f6
5.h3 h6
6.e3 g5
7.Bf4h2 Nf6e4
8.Nb1d2 e6
9.Nf3e5 Nc6xe5
10.Bh2xe5 Bf8d6
11.Be5xh8 f6
12.Nd2xe4 Bf5xe4
13.Bh8g7 Qd8e7
14.Qd1h5 Kd7
15.Qh5xh6 Be4xc2
16.Bg7xf6 Qe7f8
17.Qh6xg5 Qf8f7
18.g4 Ra8g8
19.Qg5h4 c5
20.Bf1b5 Kc7
21.dxc5 Bd6xc5
22.Ra1c1 a6
23.Bb5e2 Qf7h7
24.Qh4xh7 Bc2xh7
25.Rc1xc5 Kd6
26.b4 b6
27.Rc5c3 b5
28.f4 Bh7e4
29.Bf6e5 Ke7
30.Rc3c7 Kd8
31.O-O Rg8h8
32.Rf1c1 { resign }
1-0

[Event "Tourn. n8944"]
[Site "www.chess-mail.com"]
[Date "2016.10.10"]
[Round "1"]
[White "Osopanda"]
[Black "Comrade"]
[WhiteElo "2020"]
[BlackElo "2200"]
[Result "0-1"]
[Round "1"]
1.c4 Ng8f6
2.d4 g6
3.Nb1c3 d5
4.cxd5 Nf6xd5
5.Ng1f3 Bf8g7
6.e3 Nd5xc3
7.bxc3 c5
8.Bf1c4 Nb8c6
9.O-O cxd4
10.cxd4 Bc8d7
11.a4 Ra8c8
12.Bc1a3 O-O
13.Bc4e2 Rf8e8
14.Qd1b3 Nc6a5
15.Qb3a2 Bd7e6
16.Qa2b2 Na5b3
17.Ra1d1 a6
18.e4 Qd8a5
19.d5 Bg7xb2
20.Ba3xb2 Be6d7
21.e5 Rc8c2
22.e6 fxe6
{ resign }
0-1

[Event "Tourn. n8983"]
[Site "www.chess-mail.com"]
[Date "2016.10.10"]
[Round "1"]
[White "Falcoale"]
[Black "Hansen"]
[WhiteElo "1610"]
[BlackElo "1570"]
[Result "1-0"]
[Round "1"]
1.e4 d5
2.exd5 Qd8xd5
3.Nb1c3 Qd5g5
4.Ng1f3 Qg5g6
5.d4 e6
6.Bc1f4 b6
7.Bf4xc7 Nb8c6
8.Bf1b5 Bc8b7
9.O-O Ng8f6
10.Rf1e1 Ra8c8
11.Bc7g3 h5
12.Nf3e5 Qg6g5
13.d5 Ke7
14.d6 Ke8
15.d7 Ke7
16.Ne5xc6 Bb7xc6
17.dxc8Q { resign }
1-0

[Event "Tourn. n8996"]
[Site "www.chess-mail.com"]
[Date "2016.10.10"]
[Round "1"]
[White "Osopanda"]
[Black "Norlavuaram"]
[WhiteElo "2050"]
[BlackElo "2210"]
[Result "1-0"]
[Round "1"]
1.Ng1f3 g6
2.e4 d6
3.d4 Bf8g7
4.Bf1c4 Ng8f6
5.Nb1c3 O-O
6.O-O Nb8d7
7.Qd1e2 c6
8.e5 Nf6e8
9.Bc1g5 d5
10.Bc4d3 Ne8c7
11.h4 Nc7e6
12.h5 Ne6xg5
13.Nf3xg5 e6
14.Ng5xh7 Kxh7
15.hxg6 fxg6
16.Qe2h5 Kg8
17.Qh5xg6 Rf8e8
18.Qg6h7 Kf8
19.f4 Nd7b6
20.f5 Qd8g5
21.fxe6 Ke7
22.Rf1f7 { resign }
1-0

[Event "Tourn. n8950"]
[Site "www.chess-mail.com"]
[Date "2016.10.10"]
[Round "1"]
[White "Bojan"]
[Black "Osopanda"]
[WhiteElo "1910"]
[BlackElo "2020"]
[Result "1/2-1/2"]
[Round "1"]
1.e4 c5
2.Ng1f3 d6
3.d4 cxd4
4.Nf3xd4 Ng8f6
5.Nb1c3 a6
6.Bf1e2 e5
7.Nd4f5 Bc8xf5
8.exf5 d5
9.f3 Bf8b4
10.Bc1d2 O-O
11.a3 Bb4d6
12.Bd2g5 Qd8a5
13.O-O d4
14.Nc3a2 Nb8d7
15.Qd1d3 Rf8e8
16.c3 Ra8c8
17.Bg5d2 Nd7c5
18.Qd3c2 d3
19.Be2xd3 Nc5xd3
20.Qc2xd3 Re8d8
21.Qd3e2 Qa5b6
22.Kh1 Qb6xb2
23.Rf1b1 Qb2c2
24.g4 e4
25.fxe4 Qc2xe4
26.Qe2xe4 Nf6xe4
27.Bd2e3 b5
28.Be3d4 Bd6c5
29.Bd4xc5 Rc8xc5
30.Rb1b3 Rd8d3
31.Ra1c1 a5
32.a4 Ne4d6
33.axb5 Rc5xb5
34.Rc1b1 Rb5xb3
35.Rb1xb3 h6
36.Rb3a3 Nd6c4
37.Ra3a4 Rd3d1
38.Kg2 Nc4e3
39.Kf3 Ne3d5
40.Ra4xa5 Nd5xc3
41.Na2xc3 Rd1d3
42.Kf4 { draw }
1/2-1/2

[Event "Tourn. n8953"]
[Site "www.chess-mail.com"]
[Date "2016.10.10"]
[Round "1"]
[White "Awfen"]
[Black "Picifarkinca"]
[WhiteElo "2020"]
[BlackElo "2060"]
[Result "1-0"]
[Round "1"]
1.e4 c6
2.Ng1f3 d5
3.e5 Bc8f5
4.d4 e6
5.Bf1e2 Nb8d7
6.O-O Qd8b6
7.Nb1c3 Ra8c8
8.a3 a5
9.Nc3a4 Qb6a7
10.Nf3h4 Bf5xc2
11.Qd1xc2 Qa7xd4
12.Nh4f3 Qd4a7
13.Qc2d3 b5
14.Bc1e3 Qa7b7
15.Na4c3 Nd7b6
16.b3 Ng8e7
17.Nf3g5 Ne7f5
18.Be3d2 h6
19.Ng5f3 Bf8c5
20.Nc3b1 O-O
21.Bd2xa5 Nb6d7
22.Ba5c3 Rf8d8
23.b4 Bc5a7
24.Nb1d2 Nd7f8
25.Nd2b3 Nf8g6
26.Ra1c1 Ba7b6
27.Qd3d2 Qb7a7
28.Bc3b2 Qa7a4
29.Be2d1 Qa4a7
30.Nf3d4 Ng6xe5
31.Nd4xf5 Ne5c4
32.Nf5xh6 Kf8
33.Bb2xg7 Ke8
34.Qd2f4 Rd8d7
35.Bg7d4 Bb6xd4
36.Nb3xd4 Qa7xa3
37.Bd1h5 Qa3xb4
38.Bh5xf7 Rd7xf7
39.Qf4xf7 Kd8
40.Nd4xe6 { resign }
1-0

[Event "Tourn. n8945"]
[Site "www.chess-mail.com"]
[Date "2016.10.10"]
[Round "1"]
[White "Tartan"]
[Black "Jesmantiz"]
[WhiteElo "2440"]
[BlackElo "2200"]
[Result "1-0"]
[Round "1"]
1.e4 c6
2.d4 d6
3.c4 g6
4.Nb1c3 Bf8g7
5.Bc1e3 h6
6.Ng1f3 e6
7.Bf1e2 Ng8e7
8.O-O Nb8d7
9.Qd1c2 g5
10.Ra1d1 Ne7g6
11.d5 cxd5
12.cxd5 e5
13.Nc3b5 O-O
14.Nb5c7 b6
15.Nc7xa8 Ng6f4
16.Be3xf4 Bc8b7
17.Na8xb6 exf4
18.Nb6xd7 Qd8xd7
19.Nf3d4 Rf8c8
20.Qc2b3 Rc8e8
21.Be2b5 { resign }
1-0

[Event "Tourn. n8950"]
[Site "www.chess-mail.com"]
[Date "2016.10.10"]
[Round "1"]
[White "Osopanda"]
[Black "4m6az"]
[WhiteElo "2020"]
[BlackElo "1839"]
[Result "1-0"]
[Round "1"]
1.c4 e5
2.Nb1c3 c6
3.Ng1f3 d6
4.d4 exd4
5.Qd1xd4 Qd8f6
6.Qd4d3 Bc8e6
7.e4 Bf8e7
8.Bc1g5 Qf6g6
9.Bg5xe7 Ng8xe7
10.O-O-O Ne7c8
11.Nf3d4 Be6d7
12.f4 c5
13.Nd4b5 Nb8a6
14.Nb5xd6 Nc8xd6
15.Qd3xd6 Qg6xd6
16.Rd1xd6 O-O-O
17.Nc3d5 Rh8e8
18.e5 Bd7e6
19.Rd6xd8 Re8xd8
20.Nd5c3 Rd8d4
21.g3 Be6xc4
22.Bf1xc4  { time }
1-0

[Event "Tourn. n8886"]
[Site "www.chess-mail.com"]
[Date "2016.10.10"]
[Round "1"]
[White "Ff333"]
[Black "Sportuga"]
[WhiteElo "2040"]
[BlackElo "2029"]
[Result "0-1"]
[Round "1"]
1.e4 c6
2.d4 d5
3.e5 Qd8b6
4.Ng1f3 Bc8g4
5.c3 e6
6.Bf1e2 Bg4xf3
7.Be2xf3 c5
8.Qd1a4 Nb8c6
9.dxc5 Bf8xc5
10.O-O Ng8e7
11.b4 Bc5d4
12.b5 Bd4xf2
13.Rf1xf2 Nc6xe5
14.Bf3e2 O-O
15.Bc1a3 Rf8e8
16.Nb1d2 Ne7g6
17.Ra1f1 f6
18.Kh1 Re8c8
19.Qa4b4 Rc8c7
20.Qb4d4 Qb6a5
21.Qd4b4 Qa5b6
22.Nd2b3 Ra8c8
23.Ba3b2 Ne5c4
24.Bb2a1 Nc4e3
25.Rf1c1 Ne3c2
26.Qb4g4 Qb6xf2
27.Qg4xe6 Kh8
28.Rc1f1 Qf2e3
29.Qe6g4 Nc2xa1
30.Nb3xa1 { time. }
0-1

[Event "Tourn. n8986"]
[Site "www.chess-mail.com"]
[Date "2016.10.10"]
[Round "1"]
[White "Francesco"]
[Black "Attatroll"]
[WhiteElo "1940"]
[BlackElo "1910"]
[Result "1/2-1/2"]
[Round "1"]
1.e4 d6
2.d4 Ng8f6
3.Nb1c3 g6
4.Ng1f3 Bf8g7
5.Bf1c4 O-O
6.O-O Nb8c6
7.Bc1g5 Bc8g4
8.Bg5e3 e5
9.d5 Nc6e7
10.h3 Bg4xf3
11.Qd1xf3 a6
12.Be3g5 Nf6e8
13.Nc3e2 f6
14.Bg5d2 b5
15.Bc4d3 f5
16.c4 bxc4
17.Bd3xc4 fxe4
18.Qf3xe4 Ne8f6
19.Qe4d3 Ne7f5
20.g4 Nf5h4
21.f4 e4
22.Qd3g3 Nh4f3
23.Rf1xf3 exf3
24.Qg3xf3 Nf6d7
25.Ra1b1 Nd7b6
26.Bc4b3 a5
27.a3 Qd8e7
28.Bd2c3 Bg7xc3
{ draw }
1/2-1/2

[Event "Tourn. n8996"]
[Site "www.chess-mail.com"]
[Date "2016.10.10"]
[Round "1"]
[White "Norlavuaram"]
[Black "Guidom"]
[WhiteElo "2210"]
[BlackElo "2140"]
[Result "1-0"]
[Round "1"]
1.e4 e5
2.Ng1f3 Nb8c6
3.Bf1b5 a6
4.Bb5a4 Ng8f6
5.O-O d6
6.Rf1e1 Bc8g4
7.c3 Bf8e7
8.d3 O-O
9.Nb1d2 Qd8d7
10.Nd2f1 Nf6h5
11.h3 Bg4e6
12.Nf3g5 Be7xg5
13.Bc1xg5 g6
14.d4 b5
15.Ba4c2 exd4
16.cxd4 d5
17.e5 Nh5g7
18.Ra1c1 Nc6e7
19.Bg5f6 Ng7e8
20.Bf6g5 Ne7f5
21.g4 Nf5g7
22.Nf1g3 Ra8c8
23.f4 f6
24.Bg5h6 c5
25.f5 gxf5
26.gxf5 cxd4
27.fxe6 Qd7xe6
28.Qd1d3 f5
29.Bh6f4 Rc8c5
30.Bc2b3 Rc5xc1
31.Re1xc1 Qe6b6
32.Bb3xd5 Kh8
33.Rc1c6 Qb6a5
34.Bf4d2 b4
35.Qd3c4 f4
36.Bd2xb4 Qa5d8
37.Bb4xf8 fxg3
38.Bf8xg7 Kxg7
39.Qc4xd4 Ne8c7
40.Qd4g4 Kh8
41.Rc6d6 Qd8f8
42.Qg4xg3 Nc7b5
43.Rd6xa6 Qf8c5
44.Qg3f2 Qc5c1
45.Kh2 { resign }
1-0

[Event "Match"]
[Site "www.echecsemail.com"]
[Date "2016.10.10"]
[Round "1"]
[White "Comrade"]
[Black "Drawlward"]
[WhiteElo "2160"]
[BlackElo "2009"]
[Result "0-1"]
[Round "1"]
1.c4 c5
2.Nb1c3 g6
3.d4 cxd4
4.Qd1xd4 Ng8f6
5.Ng1f3 Bf8g7
6.Qd4d1 O-O
7.e4 d6
8.Bf1e2 Nb8c6
9.O-O a6
10.Bc1d2 Bc8e6
11.Qd1c2 Ra8c8
12.Ra1d1 Nf6d7
13.Bd2e3 Qd8a5
14.Be3d2 Qa5d8
15.a3 Nd7e5
16.Nf3xe5 Nc6d4
17.Ne5xf7 Rf8xf7
18.Qc2c1 Nd4xe2
19.Nc3xe2 Be6xc4
20.Ne2c3 Bc4xf1
21.Kxf1 Qd8b6
22.Bd2e3 Qb6c6
23.Rd1d3 b5
24.Qc1d2 Qc6c4
25.Ke1 a5
26.Be3d4 b4
27.axb4 axb4
28.Nc3e2 Bg7xd4
29.Rd3xd4 Qc4a2
30.Qd2xb4 Qa2b1
31.Rd4d1 Qb1c2
32.Rd1c1 Qc2xc1
33.Ne2xc1 Rc8xc1
34.Kd2 Rc1g1
35.f3 Rg1xg2
36.Ke3 Rg2xh2
37.Qb4c3 Rf7xf3
38.Kxf3 Rh2h3
39.Kf4 Rh3xc3
40.bxc3 Kf7
{ resign }
0-1

[Event "Match"]
[Site "www.echecsemail.com"]
[Date "2016.10.10"]
[Round "1"]
[White "Freemo"]
[Black "Robroy"]
[WhiteElo "1499"]
[BlackElo "1469"]
[Result "0-1"]
[Round "1"]
1.Ng1f3 d5
2.d4 c6
3.Bc1f4 Bc8f5
4.e3 Nb8d7
5.Bf1e2 e6
6.Bf4g5 Ng8f6
7.Nb1c3 Bf8e7
8.O-O O-O
9.Be2d3 Rf8e8
10.Nf3e5 Nf6e4
 { time }
0-1

[Event "Match"]
[Site "www.echecsemail.com"]
[Date "2016.10.10"]
[Round "1"]
[White "Andregor"]
[Black "Drawlward"]
[WhiteElo "2650"]
[BlackElo "1809"]
[Result "1/2-1/2"]
[Round "1"]
1.e4 c5
2.Ng1f3 d6
3.d4 cxd4
4.Nf3xd4 Ng8f6
5.Nb1c3 a6
6.Bc1g5 e6
7.f4 Qd8b6
8.Qd1d2 Qb6xb2
9.Nd4b3 Qb2a3
10.Bg5xf6 gxf6
11.Bf1d3 Nb8c6
12.O-O Bf8g7
13.Rf1f3 Bc8d7
14.Rf3g3 Bg7h6
15.Ra1d1 O-O-O
16.Qd2f2 Kb8
17.Nc3b1 Qa3a4
18.a3 Rh8g8
19.Rg3f3 Bh6f8
20.Bd3f1 Qa4xe4
21.Nb1c3 Qe4f5
22.Qf2b6 Rd8c8
23.Bf1xa6 Nc6d8
24.Ba6f1 d5
25.Rd1d3 Bf8e7
26.Nb3d4 Qf5h5
27.Rf3h3 Qh5xh3
28.Rd3xh3 Be7c5
29.Qb6b3 Bc5xd4
30.Kh1 e5
31.Rh3d3 Nd8e6
32.fxe5 Bd4xe5
33.Qb3xd5 Bd7c6
34.Qd5a5 Ne6f4
35.Nc3b5 Bc6xb5
36.Qa5xb5 Nf4xd3
37.Bf1xd3 Rc8c7
38.a4 Rg8d8
39.a5 h5
40.g3 h4
41.a6 hxg3
42.hxg3 Be5xg3
43.Bd3e4 f5
44.Be4xf5 f6
45.Bf5e4 Bg3e5
46.Kg2 Rd8d4
47.Qb5e8 Rc7c8
48.Qe8e7 Rc8c7
49.Qe7e8 Rc7c8
50.a7 Kxa7
51.Qe8xc8 Rd4xe4
52.Qc8c5 b6
53.Qc5c8 Re4e3
54.Qc8d7 Ka6
55.c4 Re3c3
56.Qd7d5 Ka7
57.Kf2 Rc3g3
58.Qd5f7 Ka6
59.Qf7d7 Rg3c3
60.Qd7c6 Ka7
61.Ke1 Rc3g3
62.Kd2 Rg3c3
63.Qc6c8 Rc3g3
64.Qc8f8 Rg3c3
65.Qf8f7 Ka6
66.Qf7d5 Ka7
67.Ke2 Rc3g3
{ draw }
1/2-1/2

[Event "Tourn. n8967"]
[Site "www.chess-mail.com"]
[Date "2016.10.11"]
[Round "1"]
[White "Cirovicz"]
[Black "Xkafi"]
[WhiteElo "1990"]
[BlackElo "1970"]
[Result "1-0"]
[Round "1"]
1.e4 e5
2.Ng1f3 Qd8f6
3.Bf1c4 Bf8c5
4.Nb1c3 c6
5.O-O d6
6.d3 h5
7.Bc1g5 Qf6g6
8.Qd1d2 h4
9.Bg5xh4 Bc8h3
10.Bh4g3 Bh3g4
11.Nc3a4 Bg4xf3
12.Na4xc5 dxc5
13.gxf3 Ng8f6
14.f4 exf4
15.Qd2xf4 Nf6h5
16.Qf4e5 Kd8
17.Qe5c7 Ke8
18.Qc7c8 Ke7
19.Qc8xh8 Nh5f4
20.Qh8h4 { resign }
1-0

[Event "Tourn. n8967"]
[Site "www.chess-mail.com"]
[Date "2016.10.11"]
[Round "1"]
[White "Francesco"]
[Black "Cirovicz"]
[WhiteElo "1930"]
[BlackElo "1990"]
[Result "0-1"]
[Round "1"]
1.e4 c5
2.Ng1f3 e6
3.d4 cxd4
4.Nf3xd4 Nb8c6
5.Nd4xc6 bxc6
6.Nb1c3 Bf8b4
7.Bc1d2 d5
8.Qd1g4 Bb4f8
9.Bd2g5 f6
10.Bg5e3 e5
11.Qg4e2 d4
12.Ra1d1 Qd8a5
13.Be3d2 dxc3
14.Bd2xc3 Bf8b4
15.Bc3xb4 Qa5xb4
16.c3 Qb4c5
17.Qe2d2 Bc8e6
18.b4 Qc5e7
19.Bf1e2 Ng8h6
20.O-O O-O
21.h3 Rf8d8
22.Qd2e3 Rd8xd1
23.Rf1xd1 Nh6f7
24.a3 a5
25.Qe3b6 axb4
26.axb4 Nf7d8
27.Be2a6 Be6b3
28.Rd1d2 Nd8e6
29.Ba6b7 Ra8b8
30.Qb6xc6 Qe7xb7
{ resign }
0-1

[Event "Tourn. n8972"]
[Site "www.chess-mail.com"]
[Date "2016.10.11"]
[Round "1"]
[White "Awfen"]
[Black "Mitja"]
[WhiteElo "2050"]
[BlackElo "1970"]
[Result "1-0"]
[Round "1"]
1.e4 d5
2.exd5 Qd8xd5
3.d4 e6
4.Nb1c3 Qd5d8
5.Ng1f3 c6
6.Bf1d3 h6
7.O-O Ng8f6
8.Nc3e4 Nf6xe4
9.Bd3xe4 Bf8d6
10.c4 Bd6c7
11.b3 b6
12.d5 Bc8b7
13.dxc6 Bb7xc6
14.Qd1c2 Bc6xe4
15.Qc2xe4 Nb8a6
16.Bc1a3 Na6c5
17.Qe4c6 Nc5d7
18.Ra1d1 Ra8c8
19.Qc6b5 Bc7b8
20.Nf3d4 Qd8c7
21.Nd4f3 Rc8d8
22.Rf1e1 g5
23.Nf3e5 Rh8g8
24.Ba3d6 Qc7c8
25.Bd6xb8 Qc8xb8
26.Rd1xd7 Rd8xd7
27.Qb5xd7 { resign }
1-0

[Event "Tourn. n8950"]
[Site "www.chess-mail.com"]
[Date "2016.10.11"]
[Round "1"]
[White "Osopanda"]
[Black "Mitja"]
[WhiteElo "2010"]
[BlackElo "1900"]
[Result "0-1"]
[Round "1"]
1.d4 d5
2.c4 dxc4
3.e4 e6
4.Bf1xc4 c6
5.d5 cxd5
6.exd5 exd5
7.Bc4xd5 Qd8a5
8.Nb1c3 Ng8f6
9.Bd5b3 Bf8b4
10.Ng1e2 O-O
11.O-O Nb8c6
12.Bc1d2 Rf8d8
13.Qd1c2 Bc8f5
14.Qc2c1 Ra8c8
15.Rf1d1 h6
16.a3 Bb4xc3
17.Bd2xc3 Qa5b5
18.Rd1xd8 Nc6xd8
19.Qc1d1 Nf6e4
20.Ne2d4 Ne4xc3
21.bxc3 Qb5e5
22.Qd1f3 Bf5g6
23.Qf3g4 Qe5c7
24.Ra1e1 Qc7xc3
25.Re1e8 Kh7
26.h4 Qc3c5
27.Re8e3 f5
28.Qg4f4 Nd8c6
29.Nd4xc6 Qc5xc6
30.h5 Bg6xh5
31.Qf4xf5 Bh5g6
32.Qf5g4 Rc8e8
33.Re3xe8 Qc6xe8
34.Bb3d1 Qe8e1
35.Kh2 Qe1xf2
36.Bd1f3 Qf2b2
37.a4 b6
38.Bf3e4 Qb2e5
{ resign }
0-1

[Event "Tourn. n8960"]
[Site "www.chess-mail.com"]
[Date "2016.10.11"]
[Round "1"]
[White "4m6az"]
[Black "Fabos12"]
[WhiteElo "2040"]
[BlackElo "2100"]
[Result "0-1"]
[Round "1"]
1.e4 e5
2.Bf1c4 Nb8c6
3.Qd1f3 Ng8f6
4.d3 Nc6d4
5.Qf3d1 b5
6.Bc4d5 c6
7.c3 cxd5
8.cxd4 exd4
9.exd5 Nf6xd5
10.Qd1b3 Nd5c7
11.Ng1f3 Bf8c5
12.Nf3e5 O-O
13.O-O a5
14.a3 Bc8b7
 { time }
0-1

[Event "Tourn. n8968"]
[Site "www.chess-mail.com"]
[Date "2016.10.11"]
[Round "1"]
[White "Julian"]
[Black "Norlavuaram"]
[WhiteElo "2010"]
[BlackElo "2150"]
[Result "0-1"]
[Round "1"]
1.e4 e5
2.f4 exf4
3.Ng1f3 d6
4.d4 g5
5.Bf1d3 Nb8c6
6.O-O Bf8g7
7.e5 dxe5
8.dxe5 Bc8g4
9.Qd1e1 h6
10.Nb1c3 Ng8e7
11.h4 Ne7g6
12.Bd3xg6 fxg6
13.e6 O-O
14.hxg5 hxg5
15.Nf3xg5 Qd8xg5
16.g3 Qg5c5
17.Qe1f2 Bg7d4
18.Bc1xf4 Bd4xf2
19.Rf1xf2 g5
20.Nc3e4 Qc5b6
21.Ne4xg5 Nc6e7
22.Ra1e1 Rf8f5
23.Kg2 Qb6c6
24.Kh2 Kg7
25.Kg1 Ra8h8
26.Rf2h2 Rh8xh2
27.Kxh2 Qc6xc2
28.Kg1 Rf5xg5
29.Bf4xg5 Bg4h3
{ resign }
0-1

[Event "Tourn. n8979"]
[Site "www.chess-mail.com"]
[Date "2016.10.11"]
[Round "1"]
[White "Osopanda"]
[Black "Norlavuaram"]
[WhiteElo "2030"]
[BlackElo "2170"]
[Result "0-1"]
[Round "1"]
1.c4 Ng8f6
2.g3 g6
3.Bf1g2 Bf8g7
4.d4 O-O
5.Nb1c3 d6
6.e4 c6
7.Ng1e2 Nb8d7
8.O-O Qd8c7
9.f4 e5
10.dxe5 dxe5
11.h3 b6
12.Bc1e3 Bc8a6
13.b3 Ra8d8
14.Qd1e1 Rf8e8
15.Ra1d1 exf4
16.Be3xf4 Nd7e5
17.Bf4g5 Rd8xd1
18.Qe1xd1 Nf6d7
19.Ne2d4 h6
20.Bg5f4 Qc7c8
21.Kh2 Ba6b7
22.Qd1d2 Kh7
23.Nd4e2 Nd7f8
24.Bf4e3 Nf8e6
25.Ne2d4 Re8d8
26.Nc3e2 c5
27.Qd2c3 cxd4
28.Ne2xd4 Ne6xd4
29.Be3xd4 Rd8xd4
30.Qc3xd4 Ne5g4
31.hxg4 Bg7xd4
32.Rf1xf7 Kg8
{ resign }
0-1